| 000 | 00375 a2200157 4500 | ||
|---|---|---|---|
| 001 | 151027 | ||
| 040 | _cEscola São Tomás de Aquino | ||
| 100 | _aMACHADO, Ana Maria | ||
| 240 | 1 | 0 |
_aAh, cambaxirra, se eu pudesse... _lpor |
| 245 | 1 | 0 | _aAh, cambaxirra, se eu pudesse... |
| 300 | _a30 | ||
| 362 | 0 | _a2003 | |
| 440 | 1 | _aFTD | |
| 697 | _a*LITERATURA INFANTO | ||
| 942 | _cBK | ||
| 999 |
_c151027 _d151027 |
||